Statistics for All Sunshine Coast (QLD) Suburbs

Click here to take the quiz!

General Stats

  • This quiz has been taken 9 times
  • The average score is 58 of 110

Answer Stats

Answer% Correct
Alexandra Headland
100%
Maroochydore
100%
Mudjimba
100%
Woombye
100%
Beerwah
80%
Buddina
80%
Caloundra
80%
Currimundi
80%
Flaxton
80%
Forest Glen
80%
Golden Beach
80%
Kenilworth
80%
Kiels Mountain
80%
Kings Beach
80%
Little Mountain
80%
Maleny
80%
Montville
80%
Mooloolaba
80%
Nambour
80%
Sippy Downs
80%
Aroona
60%
Bald Knob
60%
Battery Hill
60%
Bells Creek
60%
Birtinya
60%
Bli Bli
60%
Booroobin
60%
Buderim
60%
Caloundra West
60%
Cambroon
60%
Chevallum
60%
Conondale
60%
Coolabine
60%
Cooloolabin
60%
Diamond Valley
60%
Dicky Beach
60%
Eudlo
60%
Eumundi
60%
Kuluin
60%
Kunda Park
60%
Landsborough
60%
Mapleton
60%
Marcoola
60%
Minyama
60%
Moffat Beach
60%
Mooloolah Valley
60%
Mountain Creek
60%
North Arm
60%
North Maleny
60%
Obi Obi
60%
Pacific Paradise
60%
Palmview
60%
Palmwoods
60%
Parrearra
60%
Peachester
60%
Pelican Waters
60%
Shelly Beach
60%
Twin Waters
60%
Warana
60%
Witta
60%
Wootha
60%
Yandina
60%
Balmoral Ridge
40%
Beerburrum
40%
Belli Park
40%
Burnside
40%
Coochin Creek
40%
Coolum Beach
40%
Crohamhurst
40%
Curramore
40%
Diddillibah
40%
Dulong
40%
Gheerulla
40%
Glass House Mountains
40%
Glenview
40%
Highworth
40%
Ilkley
40%
Kiamba
40%
Kidaman Creek
40%
Maroochy River
40%
Meridan Plains
40%
Mons
40%
Mount Coolum
40%
Mount Mellum
40%
Ninderry
40%
Parklands
40%
Peregian Springs
40%
Point Arkwright
40%
Reesville
40%
Verrierdale
40%
West Woombye
40%
Weyba Downs
40%
Wurtulla
40%
Yandina Creek
40%
Yaroomba
40%
Bridges
20%
Coes Creek
20%
Cotton Tree
20%
Elaman Creek
20%
Harper Creek
20%
Hunchy
20%
Image Flat
20%
Kulangoor
20%
Kureelpa
20%
Landers Shoot
20%
Perwillowen
20%
Rosemount
20%
Tanawha
20%
Towen Mountain
20%
Valdora
20%

Score Distribution

Percentile by Number Answered

Percent of People with Each Score

Your Score History

You have not taken this quiz